000 00593cam a2200229 4500
008 090401t1993 xxu||||| |||| 00| 0 eng d
020 _a0750613033
035 _a(Sirsi) u10769
041 _aeng
050 _a712
100 _aLittlewood, Michael
245 _aLandscape detailing. Volume 2: Surfaces.
250 _a3rd ed.
260 _aOxford
_bButterworth Architecture
_c1993
300 _axiii,208p. : ill.; 30cm.
350 _a25
650 _aLANDSCAPE DESIGN
650 _aPAVING
690 _aBUILT ENVIRONMENT-CONSTRUCTION DESIGN
942 _n0
948 _c04/03/1997
999 _c86772
_d86772